| 000 | 00790nam a22002295a 4500 | ||
|---|---|---|---|
| 003 | OSt | ||
| 005 | 20170207115648.0 | ||
| 008 | 170116s2012 ua frb 000 0 ara d | ||
| 015 | _a2012 / 20662 | ||
| 040 |
_aEG-ScBUE _bara _cEG-ScBUE _dEG-ScBUE |
||
| 043 | _af-ua--- | ||
| 082 | 0 | 4 |
_a345.62 _bق ش ق _222 |
| 100 | 1 | _aقشقوش، هدى حامد. | |
| 245 | 1 | 0 |
_aشرح قانون العقوبات. _pالقسم الخاص / _cتأليف هدى حامد قشقوش. |
| 260 |
_aالقاهرة : _bدار النهضه العربية، _c2012. |
||
| 300 |
_a722 ص. ؛ _c24 سم. |
||
| 504 | _aيشتمل على إرجاعات ببليوجرافية. | ||
| 650 | 7 |
_aقانون العقوبات _2BUEsh _941137 _zمصر. |
|
| 651 | _2BUEsh | ||
| 653 |
_bLLAAWW _cFebruary2017 |
||
| 942 | _2ddc | ||
| 999 |
_c24079 _d24051 |
||